00595nam a22002057a 45000050016000000100014000160200026000300350013000560370013000690820010000821000018000922450070001102500011001802600034001912700046002253000033002715000019003046500028003236500038003512010080202532.0 aENG-97806 a9788120340176c250.00 aEN-81339 bDBAD/PUB a519.5 aSarma, K.V.S. aStatistics made simple :bdo it yourself on PC /cby K.V.S. Sarma a2nd ed aNew DelhibPHI Learningc2010 aM-97, Connaught CircusbNew Delhie110001 axv, 303p.:bill.c24cm (pbk) aincludes index aMathematical Statistics aProblem solving - Data Processing